| 000 | 00752nam a22002417a 4500 | ||
|---|---|---|---|
| 999 |
_c10702 _d10702 |
||
| 003 | AR-CdUCM | ||
| 008 | 190401b ||||| |||| 00| 0 spa d | ||
| 040 |
_aMUNICIPALIDAD PROVINCIAL DEL CUSCO _cBIBLIOTECA MUNICIPAL DEL CUSCO |
||
| 082 |
_aC / 869.56 / _bSA161 |
||
| 100 |
_aSalas Gamarra, Armando _925244 |
||
| 245 |
_aTernurario : _bPoemas / |
||
| 260 |
_aCusco : _bGarcilaso, _c1954. |
||
| 300 |
_a89 páginas ; _c21 cm. _bretratos, |
||
| 500 | _aDonación de la familia Nieto. Dedicatoria a Luis Nieto. | ||
| 505 | _aContenido: Poemas. | ||
| 650 |
_aCusco _9772 |
||
| 650 |
_aLiteratura Peruana _9132 |
||
| 650 |
_aSiglo XX _98 |
||
| 650 |
_aPoema Peruano _927473 |
||
| 650 |
_aPoema Cusqueño _927692 |
||
| 942 |
_2ddc _cLIBROS |
||
| 945 | _acmm | ||